Efektivita e-marketingu vo vybranej obchodnej spoločnosti diplomová práca
Saved in:
| Main Author: | |
|---|---|
| Corporate Author: | |
| Other Authors: | |
| Format: | Book |
| Language: | Slovak |
| Published: |
Bratislava
2020
|
| Tags: |
No Tags, Be the first to tag this record!
|
MARC
| LEADER | 00000nbm a2200000 4500 | ||
|---|---|---|---|
| 001 | 0266406 | ||
| 005 | 20201009133054.9 | ||
| 041 | 0 | |a slo | |
| 044 | |a SK | ||
| 245 | 1 | 0 | |a Efektivita e-marketingu vo vybranej obchodnej spoločnosti |b diplomová práca |c Peter Duranka ; školiteľ: Ingrid Potisková |
| 264 | 1 | |a Bratislava |c 2020 | |
| 300 | |a 73 s. | ||
| 100 | 1 | |a Duranka, Peter | |
| 700 | 1 | |a Potisková, Ingrid | |
| 710 | 2 | |a Obchodná fakulta EU. Katedra informatiky obchodných firiem | |